Welcome to CU Library Online Public Access Catalogue (OPAC)

Solid state fundamentals for electricians / (Record no. 8261)

MARC details
000 -LEADER
fixed length control field 00642cam a2200217 a 4500
001 - CONTROL NUMBER
control field 12907083
005 - DATE AND TIME OF LATEST TRANSACTION
control field 20251113184111.0
008 - FIXED-LENGTH DATA ELEMENTS--GENERAL INFORMATION
fixed length control field 020826s2001 ilua 001 0 eng
020 ## - INTERNATIONAL STANDARD BOOK NUMBER
International Standard Book Number 0826916341
020 ## - INTERNATIONAL STANDARD BOOK NUMBER
International Standard Book Number 9780826916341
050 00 - LIBRARY OF CONGRESS CALL NUMBER
Classification number TK7871.85
Item number .R53 2001
082 00 - DEWEY DECIMAL CLASSIFICATION NUMBER
Classification number 621.381
Edition information 20
100 1# - MAIN ENTRY--PERSONAL NAME
Personal name Rockis, Gary.
245 10 - TITLE STATEMENT
Title Solid state fundamentals for electricians /
Statement of responsibility, etc. Gary Rockis.
250 ## - EDITION STATEMENT
Edition statement 3rd ed.
260 ## - PUBLICATION, DISTRIBUTION, ETC.
Place of publication, distribution, etc. Homewood, Ill. :
Name of publisher, distributor, etc. American Technical Publishers,
Date of publication, distribution, etc. c2001.
300 ## - PHYSICAL DESCRIPTION
Extent 252 p. :
Other physical details ill. (some col.) ;
Dimensions 29 cm.
500 ## - GENERAL NOTE
General note Includes index.
650 #0 - SUBJECT ADDED ENTRY--TOPICAL TERM
Topical term or geographic name entry element Solid state electronics.
942 ## - ADDED ENTRY ELEMENTS (KOHA)
Source of classification or shelving scheme Library of Congress Classification
Koha item type Books
Edition 3rd ed.
Suppress in OPAC No
999 ## -
-- 8261
-- 8261
Holdings
Withdrawn status Lost status Source of classification or shelving scheme Damaged status Not for loan Collection Home library Current library Shelving location Date acquired Total checkouts Full call number Barcode Date last seen Copy number Price effective from Koha item type
    Library of Congress Classification     Non-fiction Science Library (Miotso) Science Library (Miotso) General stacks 11/13/2025   TK7871.85 .R53 ROC SLM00005828 11/13/2025 1 11/13/2025 Books
© 2023-2024 Copyright: Central University Libraries. All Rights Reserved | Created by: Mahone Tech Office